| 000 | 003320000a22001450004500 | ||
|---|---|---|---|
| 003 | MACL | ||
| 040 | _aMACL | ||
| 090 |
_c43154 _d43152 |
||
| 100 | _aPrasad, Chandra Bhan | ||
| 245 |
_aDalit Phobia _bWhy do They Hate Us |
||
| 260 |
_bVitasta Publishing P Ltd _c2006 |
||
| 350 | _a395 | ||
| 650 | _aSociology | ||
| 942 |
_cBOOK _k301/PRA |
||
| 999 |
_c42699 _d42699 |
||